• 首页
  • 本馆介绍
  • 公告通知
  • 最新文献
  • 馆藏检索
  • 电子资源
  • 读者导购
  • 参考咨询
  • 我的图书馆
  • 登录
  • 详细信息显示
  • 放入我的书架
  • 预约/预借图书
  • 作者相关作品
  • 分类相关作品
  • 丛书相关作品
  • 出版社相关作品

书目信息

  • 表格格式
  • 工作单格式
  • 卡片格式
题名:
内燃机动力计算
    
 
作者: <苏>В·Ф·谢加里 著 ;沈阳机电学院内燃机教研室 译
分册:  
出版信息: 北京   机械工业出版社  1980
页数: 272页
开本: 20cm
丛书名:
单 册:
中图分类: TK402
科图分类:
主题词: 内燃机--工程 , 内燃机
电子资源:
ISBN:
000 00772nam0 2200217 450
001 0659091883
005 20060726163123.48
010    @dCNY0.97
100    @a20060726d1980 km y0chiy0120 ea
101 0  @achi
102    @aCN@b110000
200 1  @a内燃机动力计算@Anei ran ji dong li ji suan@f<苏>В·Ф·谢加里 著@FВ·Ф·xie jia li zhu@g沈阳机电学院内燃机教研室 译@Gshen yang ji dian xue yuan nei ran ji jiao yan shi yi
210    @a北京@c机械工业出版社@d1980
215    @a272页@d20cm
606 0  @a内燃机@x工程
606 0  @a内燃机
690    @aTK402@v3
701  0 @a<苏>В·Ф·谢加里@AВ·Ф·xie jia li@4著
702  0 @a沈阳机电学院内燃机教研室@Ashen yang ji dian xue yuan nei ran ji jiao yan shi@4译
801  0 @aCN@bPFT@c20060726
905    @a10447@dTK402@e53
    
    内燃机动力计算/<苏>В·Ф·谢加里 著/沈阳机电学院内燃机教研室 译.-北京:机械工业出版社,1980
    272页;20cm
    
    
    ISBN :CNY0.97
    
●
相关链接 在E读中查询图书 在五车中查询图书 在当当中查询图书 在豆瓣中查询图书


正题名:内燃机动力计算     索取号:TK402/53         预约/预借

序号 登录号 条形码 馆藏地/架位号 状态 备注
1 0438649   204386495   密集书库/ [索取号:TK402/53] 在馆    
2 0438815   204388153   密集书库/ [索取号:TK402/53] 在馆    
唐山师范学院图书馆 欢迎您!
大连网信软件有限公司© 版权所有